Discourse : a critical introduction / (Record no. 104)

000 -LEADER
fixed length control field 01226cam a2200289 a 4500
001 - CONTROL NUMBER
control field 13533561
003 - CONTROL NUMBER IDENTIFIER
control field OSt
005 - DATE AND TIME OF LATEST TRANSACTION
control field 20140116120818.0
008 - FIXED-LENGTH DATA ELEMENTS--GENERAL INFORMATION
fixed length control field 040323s2004 nyua b 001 0 eng
010 ## - LIBRARY OF CONGRESS CONTROL NUMBER
LC control number 2004045825
020 ## - INTERNATIONAL STANDARD BOOK NUMBER
International Standard Book Number 9780521535311
040 ## - CATALOGING SOURCE
Original cataloging agency DLC
Transcribing agency DLC
Modifying agency DLC
050 00 - LIBRARY OF CONGRESS CALL NUMBER
Classification number P302.84.B56 2005
100 1# - MAIN ENTRY--PERSONAL NAME
Personal name Blommaert, Jan.
245 10 - TITLE STATEMENT
Title Discourse : a critical introduction /
Statement of responsibility, etc Jan Blommaert.
260 ## - PUBLICATION, DISTRIBUTION, ETC. (IMPRINT)
Place of publication, distribution, etc New York :
Name of publisher, distributor, etc Cambridge University Press,
Date of publication, distribution, etc 2005.
300 ## - PHYSICAL DESCRIPTION
Extent xiii, 299 p. :
Other physical details ill. ;
Dimensions 23 cm.
440 #0 - SERIES STATEMENT/ADDED ENTRY--TITLE
Title Key topics in sociolinguistics
504 ## - BIBLIOGRAPHY, ETC. NOTE
Bibliography, etc Includes bibliographical references and index.
650 #0 - SUBJECT ADDED ENTRY--TOPICAL TERM
Topical term or geographic name as entry element Discourse analysis
General subdivision Social aspects.
856 42 - ELECTRONIC LOCATION AND ACCESS
Materials specified Publisher description
Uniform Resource Identifier <a href="http://www.loc.gov/catdir/description/cam041/2004045825.html">http://www.loc.gov/catdir/description/cam041/2004045825.html</a>
856 41 - ELECTRONIC LOCATION AND ACCESS
Materials specified Table of contents
Uniform Resource Identifier <a href="http://www.loc.gov/catdir/toc/cam041/2004045825.html">http://www.loc.gov/catdir/toc/cam041/2004045825.html</a>
856 42 - ELECTRONIC LOCATION AND ACCESS
Materials specified Contributor biographical information
Uniform Resource Identifier <a href="http://www.loc.gov/catdir/enhancements/fy0732/2004045825-b.html">http://www.loc.gov/catdir/enhancements/fy0732/2004045825-b.html</a>
906 ## - LOCAL DATA ELEMENT F, LDF (RLIN)
a 7
b cbc
c orignew
d 1
e ocip
f 20
g y-gencatlg
942 ## - ADDED ENTRY ELEMENTS (KOHA)
Source of classification or shelving scheme
Koha item type Book
Holdings
Withdrawn status Lost status Source of classification or shelving scheme Damaged status Not for loan Home library Current library Date acquired Total Checkouts Full call number Barcode Date last seen Date checked out Copy number Price effective from Koha item type
          Riara University Library Riara University Library 07/10/2011 1 P302.84.B56 2005 1701/11 03/06/2019 30/05/2019 C.3 07/10/2011 Book
          Riara University Library Riara University Library 07/10/2011 1 P302.84.B56 2005 1702/11 05/10/2016 15/09/2016 C.2 07/10/2011 Book
          Riara University Library Riara University Library 07/10/2011   P302.84.B56 2005 1700/11 07/10/2011   C.1 07/10/2011 Book

Riara University Library,
P.O. Box 49940-00100,
Nairobi, Kenya.